000 00693cab a2200241 4500
001 A397
008 090401t1984 xxu||||| |||| 00| 0 eng d
035 _a(Sirsi) u28976
041 _aeng
245 4 _aThe Swakeley case
260 _c1984
350 _a0
490 _aChartered Surveyor Weekly
_v8(5) 2 August 1984, 321
520 _aPlanning appeal APP/R5510/A/83/4491 29 May 1984. Appeal by Swakeleys House Ltd. Planning appeal letter filed in Cabinet 4.
650 _aFUNDING
650 _aGREEN BELT
650 _aLISTED BUILDINGS
650 _aRESTORATION
650 _aSWAKELEY CASE
690 _aPLANNING LAW AND PRACTICE-CASE LAW
942 _n0
948 _c04/03/1997
999 _c19499
_d19499